Ultimate Alice in Chains Quiz - Statistics

General Stats
  • This quiz has been taken 62 times
  • The average score is 18 of 27
Answer Stats
Hint Answer % Correct
Lead Guitar, Backing Vocals (1989-) Jerry Cantrell
92%
Lead Vocals (1989-1999) Layne Staley
90%
1992 Dirt
86%
1990 Facelift
86%
What city was Alice In Chains formed in? Seattle, Washington
86%
Which song was nominated for best hard rock performance Grammy Award in 1992? Man in the Box
84%
1994 Jar Of Flies
82%
Which song was written about the lead guitarists fathers experience in the Vietnam War? Rooster
82%
1995 Alice in Chains
78%
What song was written in memory of Mother Love Bone star Andrew Wood? Would?
78%
Year in which the band was formed. 1987
76%
Bass (1989-1993) Mike Starr
76%
Bass (1993-) Mike Inez
73%
Lead Vocals (2006-) William DuVall
71%
2009 Black Gives Way to Blue
67%
1992 Sap
67%
Who was credited with vocals on the song 'Right Turn' from their 1992 EP? Alice MudGarden
65%
Drummer Sean Kinney
65%
2013 The Devil Put Dinosaurs Here
65%
What was Alice in Chains first single? We Die Young
57%
What 1992 Seattle-based romantic comedy movie featured Alice in Chains? Singles
55%
2018 Rainier Fog
53%
What was the title of the short 'mockumentary' made in 1995 to promote their newest album (since they were unable to go on tour)? The Nona Tapes
33%
What band did Alice in Chains accompany during their "For Unlawful Carnal Knowledge" tour? Van Halen
31%
Only one* song hit #1 on the billboard mainstream rock charts, which was it? No Excuses
29%
What 1993 movie did Alice in Chains contribute to the soundtrack on? Last Action Hero
25%
During their MTV Unplugged performance, who was helping on guitar? (not an official member) Scott Olson
22%
No matching quizzes found
Score Distribution
Percent of People with Each Score
Percentile by Number Answered
Your Score History
You have not taken this quiz